Eisenbahn in Deutschland - Multiple Choice - Statistiken

Allgemein
  • Dieses Quiz wurde 248 mal gespielt
  • Das Durchschnittsergebnis liegt bei 5 aus 10
Antwortstatistiken
Frage Antwort % Korrekt
In welchen Bundesländern ist die metronom Eisenbahngesellschaft unterwegs? Hamburg, Niedersachsen und Bremen
77%
Was ist der kleinste deutsche Ort mit ICE-Halt? Züssow in Mecklenburg-Vorpommern
59%
Welche Stadt erhielt einen Eintrag ins Guiness-Buch der Rekorde, weil sie zwei Hauptbahnhöfe besitzt? Mönchengladbach
56%
Wo liegt ist der höchstgelegene Bahnhof Deutschlands, der von einer reinen Adhäsionsbahn bedient wird? (Also keine Zahnradbahn etc.) Der Brockenbahnhof im Harz.
51%
Welcher Eisenbahnhersteller besitzt ein Werk in Salzgitter? Alstom
47%
Wie viele regelmäßig betriebene Grenzübergänge mit der Bahn gibt es zwischen Deutschland und Frankreich? 6
42%
Welches deutsche S-Bahn-System hat die höchste Streckenlänge? S-Bahn Mitteldeutschland
40%
Auf welcher Linie startete 2022 der erste dauerhafte Wasserstoffzug-Linienbetrieb der Welt? Auf der Linien RB 33 in Niedersachsen
39%
Was ist die längste U-Bahn-Linie in Deutschland? Die U1 in Hamburg
34%
Was ist der alphabetisch erste Bahnhof in Deutschland? Aachen Hauptbahnhof
23%
Keine übereinstimmenden Quizze gefunden
Verteilung der Resultate
Anzahl Personen mit jedem Resultat
Perzentil nach korrekt beantworteten Fragen
Ihre Resultats-Entwicklung
Sie haben dieses Quiz noch nicht gespielt